[Event "UZB-ch Women 2021"]
[Site "Tashkent"]
[Date "2021.04.25"]
[Round "9.4"]
[White "Abdusattorova, Bakhora"]
[Black "Khegay, Yuliya"]
[Result "1-0"]
[WhiteElo "2078"]
[BlackElo "1913"]
[Annotator "ChessBase"]
[PlyCount "93"]
[EventDate "2021.04.17"]
[EventType "tourn"]
[EventCountry "UZB"]
[SourceTitle "playchess.com"]
[Source "ChessBase"]
[SourceQuality "1"]
[TimeControl "5400+30"]

1. d4 {[%emt 0:01:04]} d5 {[%emt 0:00:00]} 2. Nf3 {[%emt 0:01:18]} Nf6 {[%emt 0:00:00]} 3. e3 {[%emt 0:00:10]} c5 {[%emt 0:00:55]} 4. Bd3 {[%emt 0:02:52]} Nc6 {[%emt 0:03:09]} 5. O-O {[%emt 0:02:00]} Bg4 {[%emt 0:01:44]} 6. c3 {[%emt 0:00:57]} e6 {[%emt 0:00:39]} 7. Nbd2 {[%emt 0:03:26]} Be7 {[%emt 0:11:55]} 8. b3 {[%emt 0:09:45]} O-O {[%emt 1:15:38]} 9. Bb2 {[%emt 0:00:08]} Rc8 {[%emt 0:00:00]} 10. Rc1 {[%emt 0:02:00]} cxd4 {[%emt 0:00:00]} 11. exd4 {[%emt 0:00:14]} Bd6 {[%emt 0:00:00]} 12. Re1 {[%emt 0:01:15]} Bf4 {[%emt 0:00:00]} 13. Ra1 {[%emt 0:14:37]} Qc7 {[%emt 0:00:00]} 14. Nf1 {[%emt 0:01:05]} e5 {[%emt 0:00:00]} 15. dxe5 {[%emt 0:11:29]} Nxe5 {[%emt 0:00:00]} 16. Be2 {[%emt 0:00:15]} Rfe8 {[%emt 0:00:00]} 17. Nd4 {[%emt 0:03:29]} Bxe2 {[%emt 0:00:00]} 18. Nxe2 {[%emt 0:00:10]} Bh6 {[%emt 0:00:00]} 19. Neg3 {[%emt 0:43:16]} Ng6 {[%emt 0:00:00]} 20. Qd4 {[%emt 0:00:00]} Bf4 {[%emt 0:00:00]} 21. Rxe8+ {[%emt 0:00:00]} Rxe8 {[%emt 0:00:00]} 22. Qxa7 {[%emt 0:00:00]} Bd6 {[%emt 0:00:00]} 23. Qa4 {[%emt 0:00:00]} Qc8 {[%emt 0:07:30]} 24. c4 {[%emt 0:00:00]} Be5 {[%emt 0:00:00]} 25. Bxe5 {[%emt 0:00:00]} Rxe5 {[%emt 0:00:00]} 26. cxd5 {[%emt 0:00:00]} Nxd5 {[%emt 0:00:00]} 27. Qd4 {[%emt 0:00:00]} Qc6 {[%emt 0:00:00]} 28. f3 {[%emt 0:00:00]} h6 {[%emt 0:00:00]} 29. Rd1 {[%emt 0:00:00]} Ndf4 {[%emt 0:00:00]} 30. Qf2 {[%emt 0:00:00]} Nh4 {[%emt 0:01:42]} 31. Ne4 {[%emt 0:03:33]} Nhxg2 {[%emt 0:00:23]} 32. Kh1 {[%emt 0:00:36]} f5 {[%emt 0:01:18]} 33. Qb2 {[%emt 0:00:52]} Rd5 {[%emt 0:00:36]} 34. Rc1 {[%emt 0:00:34]} Qd7 {[%emt 0:00:37]} 35. Nc5 {[%emt 0:00:36]} Qb5 {[%emt 0:00:42]} 36. Ne6 {[%emt 0:01:35]} Nxe6 {[%emt 0:00:20]} 37. Qxg2 {[%emt 0:00:02]} Nf4 {[%emt 0:00:43]} 38. Qc2 {[%emt 0:01:02]} Nd3 {[%emt 0:00:32]} 39. Rb1 {[%emt 0:00:20]} Rc5 {[%emt 0:00:35]} 40. Qd2 {[%emt 0:00:20]} Ne5 {[%emt 0:00:17]} 41. Qe3 {[%emt 0:00:26]} Qc6 {[%emt 0:00:09]} 42. Nd2 {[%emt 0:00:47]} Qd5 {[%emt 0:00:28]} 43. Rg1 {[%emt 0:00:32]} Rc2 {[%emt 0:00:31]} 44. Rg2 {[%emt 0:00:42]} Ng4 {[%emt 0:00:59]} 45. Qe1 {[%emt 0:00:26]} Ne3 {[%emt 0:00:24]} 46. Qxe3 {[%emt 0:00:11]} Rc1+ {[%emt 0:00:06]} 47. Rg1 {[%emt 0:00:05]} 1-0

[Event "UZB-ch Women 2021"]
[Site "Tashkent"]
[Date "2021.04.26"]
[Round "10.1"]
[White "Yakubbaeva, Nilufar"]
[Black "Abdusattorova, Bakhora"]
[Result "1-0"]
[WhiteElo "2275"]
[BlackElo "2078"]
[Annotator "TA"]
[PlyCount "75"]
[EventDate "2021.04.17"]
[EventType "tourn"]
[EventCountry "UZB"]
[SourceTitle "playchess.com"]
[Source "ChessBase"]
[SourceQuality "1"]

{[%evp 9,75,-9,-7,-23,-17,-25,-21,-10,-3,-33,0,-4,14,24,69,68,48,35,37,32,46,26,35,31,40,40,33,43,79,64,66,57,80,69,71,87,144,141,143,141,147,129,145,138,164,170,238,235,319,318,320,301,763,375,1407,1355,1256,1063,29982,29983,29987,959,29986,29987,29985,29986,29986,29985]} 1. d4 Nf6 2. Nc3 d5 3. Bf4 c5 4. e3 cxd4 5. exd4 a6 6. Bd3 {B13: Caro-Kann: Exchange Variation and Panov-Botvinnik Attack.} Nc6 {[%cal Bb8c6,Bc6b4,Bb4d3][%mdl 32]} 7. Nge2 Nb4 {[#]} 8. a3 $146 {The position is equal.} ({Predecessor:} 8. f3 Nxd3+ 9. Qxd3 e6 10. g4 Bd6 11. h4 Bxf4 12. Nxf4 Qc7 13. Qe3 O-O 14. g5 {½-½ (68) Santiago,Y (2486)-Abdusattorov,N (2644) chess.com INT 2020}) 8... Nxd3+ 9. Qxd3 Bg4 10. Ng3 e6 11. Bg5 {aiming for f3.} Bd6 12. h3 Bxg3 13. hxg4 ({Don't play} 13. Qxg3 Bf5 $11) 13... Bd6 14. O-O-O h6 15. Rde1 {Black should prevent Nxd5!} Be7 {[#]} 16. f3 $1 Qa5 {[#]} 17. Kb1 $1 O-O-O 18. Bf4 Bd6 19. Bxd6 Rxd6 20. g5 Nd7 21. gxh6 {White stays focused until the end.} gxh6 22. Qd2 Rb6 ({Black should play} 22... Rc6) 23. Kc1 $16 Rc6 24. Rxh6 Rf8 25. Reh1 Qd8 26. Qf4 Nb6 27. Rf6 Rc7 (27... Qc7 $142 28. Qxc7+ Rxc7) 28. Rh7 $18 Qe7 29. g4 Nc4 30. g5 {Hoping for g6.} e5 $2 (30... Qd6 31. Qxd6 Nxd6 32. Nxd5 Ne8) 31. Qf5+ (31. Qg4+ $142 Kb8 32. Nxd5 {[%mdl 64] Double Attack}) 31... Rd7 $2 (31... Kb8) 32. Nxd5 Qe8 33. dxe5 Kd8 34. e6 Rh8 {[#]} 35. e7+ (35. Qf4 $142 $1 Rd6 (35... Nd6 36. e7+) 36. e7+ Kd7 37. Qxc4 Rc6 38. Qg4+ Re6 39. Rxe6 fxe6 40. Nf6+ Kd6 41. Qd4+ Kc7 42. Nxe8+ Rxe8 43. Rh8) 35... Kc8 36. Rfxf7 {White mates.} Rxh7 37. Rxh7 Kb8 {[#]} 38. Rh8 $3 {[%mdl 576] Promotion.  Weighted Error Value: White=0.17/Black=0.62} 1-0

[Event "UZB-ch Women 2021"]
[Site "Tashkent"]
[Date "2021.04.26"]
[Round "10.2"]
[White "Malikova, Marjona"]
[Black "Shokirjonova, Barchinoy"]
[Result "1/2-1/2"]
[WhiteElo "1651"]
[BlackElo "1594"]
[Annotator "NA RC"]
[PlyCount "106"]
[EventDate "2021.04.17"]
[EventType "tourn"]
[EventCountry "UZB"]
[SourceTitle "playchess.com"]
[Source "ChessBase"]
[SourceQuality "1"]
[TimeControl "5400+30"]

1. d4 {[%emt 0:00:00]} Nf6 {[%emt 0:00:00]} 2. c4 {[%emt 0:00:05]} g6 {[%emt 0:00:00]} 3. Nc3 {[%emt 0:00:04]} d5 {[%emt 0:00:00]} 4. cxd5 {[%emt 0:00:04]} Nxd5 {[%emt 0:00:00]} 5. Bd2 {[%emt 0:00:13]} Bg7 {[%emt 0:00:39]} 6. e4 {[%emt 0:01:24]} Nxc3 {[%emt 0:01:29]} 7. Bxc3 {[%emt 0:00:09]} c5 {[%emt 0:03:25]} 8. d5 {[%emt 0:02:25]} Bxc3+ {[%emt 0:01:44]} 9. bxc3 {[%emt 0:00:04]} Nd7 {[%emt 0:04:37]} 10. Bd3 {[%emt 0:05:09]} Qa5 {[%emt 0:05:22]} 11. Ne2 {[%emt 0:01:17]} b5 {[%emt 0:05:25]} 12. O-O {[%emt 0:01:10]} Ne5 {[%emt 0:04:25]} 13. f4 {[%emt 0:02:58]} Nxd3 {[%emt 0:08:33]} 14. Qxd3 {[%emt 0:00:08]} Bb7 {[%emt 0:05:11]} 15. Rab1 {[%emt 0:10:02]} a6 {[%emt 0:05:41]} 16. c4 {[%emt 0:05:13]} b4 {[%emt 0:06:22]} 17. a3 {[%emt 0:00:18]} Rc8 {[%emt 0:03:32]} 18. axb4 {[%emt 0:06:07]} cxb4 {[%emt 0:00:14]} 19. Qd4 {[%emt 0:00:07]} O-O {[%emt 0:02:25]} 20. Rb3 {[%emt 0:07:01]} Qa4 {[%emt 0:09:55]} 21. Rfb1 {[%emt 0:03:37]} a5 {[%emt 0:00:42]} 22. Nc1 {[%emt 0:01:56]} Ba6 {[%emt 0:03:17]} 23. c5 {[%emt 0:01:50]} Qb5 {[%emt 0:00:06]} 24. Nd3 {[%emt 0:04:02]} Qc4 {[%emt 0:05:25]} 25. Qe3 {[%emt 0:02:28]} f6 {[%emt 0:02:27]} 26. c6 {[%emt 0:19:22]} a4 {[%emt 0:02:02]} 27. Rxb4 {[%emt 0:01:11]} Qxd3 {[%emt 0:00:05]} 28. Qxd3 {[%emt 0:00:15]} Bxd3 {[%emt 0:00:04]} 29. Rc1 {[%emt 0:00:28]} f5 {[%emt 0:06:48]} 30. exf5 {[%emt 0:02:44]} gxf5 {[%emt 0:04:07]} 31. Rxa4 {[%emt 0:01:45]} Rfd8 {[%emt 0:00:20]} 32. Rc5 {[%emt 0:00:57]} Be4 {[%emt 0:00:29]} 33. Raa5 {[%emt 0:00:22]} Rd6 {[%emt 0:02:02]} 34. Rab5 {[%emt 0:01:31]} Kf7 {[%emt 0:01:48]} 35. Kf2 {[%emt 0:01:21]} Ke8 {[%emt 0:00:20]} 36. h3 {[%emt 0:00:41]} e6 {[%emt 0:00:40]} 37. dxe6 {[%emt 0:02:06]} Rdxc6 {[%emt 0:01:37]} 38. Rxc6 {[%emt 0:00:56]} Rxc6 {[%emt 0:00:01]} 39. g4 {[%emt 0:01:36]} Bd3 {[%emt 0:05:35]} 40. Re5 {[%emt 0:01:21]} fxg4 {[%emt 0:01:30]} 41. hxg4 {[%emt 0:00:07]} Ke7 {[%emt 0:00:50]} 42. f5 {[%emt 0:00:32]} Bc4 {[%emt 0:00:22]} 43. Ke3 {[%emt 0:00:49]} Bxe6 {[%emt 0:00:41]} 44. Kf4 {[%emt 0:01:30]} Kf7 {[%emt 0:00:25]} 45. fxe6+ {[%emt 0:00:10]} Rxe6 {[%emt 0:00:01]} 46. Ra5 {[%emt 0:05:50]} Kg6 {[%emt 0:00:22]} 47. Rg5+ {[%emt 0:00:37]} Kf6 {[%emt 0:00:14]} 48. Rf5+ {[%emt 0:00:42]} Kg6 {[%emt 0:00:01]} 49. Rg5+ {[%emt 0:01:20]} Kf6 {[%emt 0:00:07]} 50. Ra5 {[%emt 0:00:05]} Kg6 {[%emt 0:00:03]} 51. Kg3 {[%emt 0:00:29]} Re1 {[%emt 0:00:34]} 52. Kf2 {[%emt 0:00:53]} Re4 {[%emt 0:00:27]} 53. Kf3 {[%emt 0:00:08]} Re1 {[%emt 0:03:59]} 1/2-1/2

[Event "UZB-ch Women 2021"]
[Site "Tashkent"]
[Date "2021.04.26"]
[Round "10.3"]
[White "Saparova, Sitora"]
[Black "Orazmukhammedova, Makhim"]
[Result "1-0"]
[WhiteElo "2017"]
[BlackElo "1898"]
[Annotator "TA"]
[PlyCount "109"]
[EventDate "2021.04.17"]
[EventType "tourn"]
[EventCountry "UZB"]
[SourceTitle "playchess.com"]
[Source "ChessBase"]
[SourceQuality "1"]

{[%evp 11,108,-34,-37,-34,-28,-42,-31,-45,-38,-24,13,18,15,-8,11,-9,70,28,79,81,72,59,66,5,5,0,5,5,16,10,5,12,6,-83,-105,-112,-104,-127,-141,-129,-129,-127,-127,-127,-129,-126,-120,-200,-197,-228,-228,-229,-239,-465,-458,-445,-244,-244,-235,-244,-230,-324,-310,-436,-251,-339,-350,-803,-769,-620,-258,-260,-259,-862,-728,-851,-446,-1809,-422,-925,-421,-488,0,0,0,0,0,-20,-20,-20,-20,-20,-22,-35,-8,-8,-8,-8,29999]} 1. Nf3 d5 2. g3 Nf6 3. Bg2 c5 4. O-O Nc6 5. d3 e5 6. Nbd2 Bd6 7. c3 {A08: King's Indian Attack.} O-O 8. Qc2 h6 9. e4 {Black is slightly better.} d4 {[#]} 10. Nc4 $146 ({Predecessor:} 10. a4 Be6 11. Re1 Rc8 12. h3 Qd7 13. Kh2 Rfd8 14. Rd1 Bb8 15. Ne1 Nh7 16. Nf1 {0-1 (61) Schmidt,N (1394)-February,J (1906) Johannesburg 2016}) 10... b5 (10... Bc7 {is more complex.} 11. cxd4 cxd4 12. Bd2 a5 13. Rfc1 Bg4) 11. Nxd6 Qxd6 12. a4 bxa4 13. Rxa4 dxc3 (13... a5 $11) 14. bxc3 $14 Rd8 {[#]} (14... a5 $11) 15. d4 $1 $16 cxd4 16. cxd4 {And now Ba3 would win.} Bd7 {next ...Nb4 is good for Black.} 17. dxe5 ({Better is} 17. Qb2 $14) 17... Nxe5 $11 18. Ra5 Nxf3+ 19. Bxf3 {Black should prevent e5.} Bh3 20. Bf4 Qd3 21. Qxd3 Rxd3 22. Be3 (22. Bg2 $11 {remains equal.} Bxg2 23. Kxg2) 22... Bxf1 $17 23. Kxf1 {Black must now prevent e5.} Re8 24. Ke2 Rb3 25. e5 Nd7 26. Bc6 Rxe5 27. Rxa7 Nf6 28. Ra8+ Kh7 29. Ba4 (29. Kf1 $17) 29... Rb2+ $19 30. Kf3 Rf5+ 31. Kg2 Ng4 32. Bf4 (32. Bd4) 32... Rxf2+ 33. Kg1 R5xf4 (33... Re2 $142 {Strongly threatening ...g5.} 34. Re8 Rb2) 34. gxf4 Rxf4 {[%mdl 4096] Endgame KRB-KRN} ({Don't play} 34... Rxh2 35. Rf8 $17) 35. Bc2+ f5 36. Bb3 (36. Ra6 $142) 36... Ne3 {[%csl Ge3][%cal Rf4f1]} 37. h3 (37. Bg8+ {was worth a try.} Kg6 38. Ra1) 37... Rf1+ 38. Kh2 f4 39. Bf7 $2 (39. Ba4) 39... Rf2+ 40. Kh1 Rf3 (40... f3 $142 41. Rf8 g6) 41. Kh2 Rg3 {aiming for ...Rg2+.} 42. Be6 $2 (42. Ra1) 42... Kg6 43. Rf8 Kg5 {Hoping for ...Rg2+.} 44. Rf7 (44. h4+ $142 Kxh4 45. Rxf4+ Ng4+ 46. Bxg4 Rxg4 47. Rf7) 44... g6 (44... Rg2+ $142 45. Kh1 Re2 46. Rxg7+ Kh4) 45. Bd7 (45. h4+ $142 Kxh4 46. Rxf4+ Ng4+ 47. Bxg4 Rxg4 48. Rf3) 45... Nf1+ 46. Kh1 {If White can now play h4+ this consolidates a bit.} Ra3 $2 (46... f3 $19 47. Bc8 Ne3) 47. h4+ $1 $11 Kh5 {Threatens to win with ...g5.} 48. Rxf4 Ne3 49. Kh2 Nd5 50. Rd4 Nf6 51. Be6 Re3 52. Bc8 Re4 53. Rxe4 Nxe4 54. Kh3 {[%csl Gh3][%cal Rc8g4]} Nd6 $2 {[%mdl 8192] [#]} (54... g5 $11) 55. Bg4# {What a bad dream for Black.  Weighted Error Value: White=0.80/Black=0.60} 1-0

[Event "UZB-ch Women 2021"]
[Site "Tashkent"]
[Date "2021.04.26"]
[Round "10.4"]
[White "Omonova, Umida"]
[Black "Semenova, Irina"]
[Result "1/2-1/2"]
[WhiteElo "2008"]
[BlackElo "2188"]
[Annotator "NA"]
[PlyCount "47"]
[EventDate "2021.04.17"]
[EventType "tourn"]
[EventCountry "UZB"]
[SourceTitle "playchess.com"]
[Source "ChessBase"]
[SourceQuality "1"]
[TimeControl "5400+30"]

1. e4 {[%emt 0:01:26]} c6 {[%emt 0:00:00]} 2. d4 {[%emt 0:00:06]} d5 {[%emt 0:00:00]} 3. Nd2 {[%emt 0:00:05]} dxe4 {[%emt 0:00:00]} 4. Nxe4 {[%emt 0:00:05]} Bf5 {[%emt 0:00:00]} 5. Ng3 {[%emt 0:00:06]} Bg6 {[%emt 0:00:00]} 6. Nf3 {[%emt 0:00:07]} Nd7 {[%emt 0:00:01]} 7. Bd3 {[%emt 0:00:11]} e6 {[%emt 0:00:50]} 8. O-O {[%emt 0:00:18]} Ngf6 {[%emt 0:00:05]} 9. Re1 {[%emt 0:00:09]} Be7 {[%emt 0:00:06]} 10. c4 {[%emt 0:00:18]} O-O 11. Bxg6 hxg6 {[%emt 0:00:23]} 12. b3 {[%emt 0:00:48]} a5 {[%emt 0:00:30]} 13. a4 {[%emt 0:02:49]} c5 {[%emt 0:04:16]} 14. Bb2 {[%emt 0:01:55]} cxd4 {[%emt 0:07:03]} 15. Nxd4 {[%emt 0:00:03]} Nc5 {[%emt 0:00:18]} 16. Qf3 {[%emt 0:03:21]} Nh7 {[%emt 0:15:05]} 17. Rad1 {[%emt 0:03:11]} Qb6 {[%emt 0:00:51]} 18. Nb5 {[%emt 0:05:57]} Rfd8 {[%emt 0:03:23]} 19. Bd4 {[%emt 0:06:36]} Qc6 {[%emt 0:11:48]} 20. Qe3 {[%emt 0:10:29]} Nf6 {[%emt 0:02:29]} 21. h3 {[%emt 0:01:52]} Rd7 {[%emt 0:14:16]} 22. Rd2 {[%emt 0:08:58]} b6 {[%emt 0:05:52]} 23. Red1 {[%emt 0:06:13]} Rad8 {[%emt 0:00:29]} 24. Bxc5 {[%emt 0:05:38]} 1/2-1/2

[Event "UZB-ch Women 2021"]
[Site "Tashkent"]
[Date "2021.04.27"]
[Round "11.1"]
[White "Orazmukhammedova, Makhim"]
[Black "Omonova, Umida"]
[Result "0-1"]
[WhiteElo "1898"]
[BlackElo "2008"]
[Annotator "TA"]
[PlyCount "138"]
[EventDate "2021.04.17"]
[EventType "tourn"]
[EventCountry "UZB"]
[SourceTitle "playchess.com"]
[Source "ChessBase"]
[SourceQuality "1"]

{[%evp 10,138,29,14,20,14,25,14,18,16,14,9,6,0,0,0,0,0,0,0,22,-7,-5,-16,-24,-12,0,-10,-11,-22,9,0,0,-4,0,-90,-92,-97,-91,-90,-103,-105,-24,-23,-23,-22,-22,-20,0,-63,-71,-192,-63,-154,-105,-172,-57,-100,-8,-42,0,0,0,0,0,0,0,-71,-65,-76,-76,-91,-88,-88,-88,-88,-88,-88,-88,-108,-108,-115,-115,-115,-115,-139,-115,-134,-115,-145,-145,-183,-182,-181,-153,-219,-149,-153,-115,-159,-159,-183,-153,-160,-116,-160,-160,-160,-152,-152,-91,-988,-988,-753,-566,-864,-777,-12599,-12400,-9910,-6552,-5636,-4660,-828,-205,-29969,-29969,-29980,-29981,-29981,-29982]} 1. d4 d5 2. c4 dxc4 3. Nf3 Nf6 4. e3 e6 5. Bxc4 a6 6. a4 b6 {D26: Queen's Gambit Accepted: 4 e3 e6 5 Bxc5 c5 sidelines.} 7. O-O Bb7 8. b3 Nbd7 {The position is equal.} 9. Bb2 Bb4 10. Nbd2 O-O {[#]} 11. Qe2 $146 ({Predecessor:} 11. Qc2 Qe7 12. Rac1 c5 13. Qb1 Rac8 14. Bd3 Rfd8 15. Ne4 Nxe4 16. Bxe4 Bxe4 17. Qxe4 {1-0 (75) Kovalyov,A (2557)-Ghaem Maghami,E (2604) ICC INT 2009}) 11... c5 12. Rfd1 cxd4 13. Nxd4 Qe7 14. Rac1 Ne5 15. f3 Rfd8 16. Qf2 Rac8 17. Bf1 Nd5 18. Nc4 Nxc4 19. Bxc4 e5 20. Nf5 Qf6 21. Bxd5 Rxc1 22. Bxc1 (22. Rxc1 $11 Bxd5 23. Qg3) 22... Rxd5 $17 23. Rxd5 Bxd5 24. Qc2 {Black must now prevent Qc8+.} Qe6 25. Qd3 h6 ({Not} 25... Bxb3 26. Qd8+ Bf8 27. Ba3 $1 Qe8 28. Qxe8 h6 29. Qxf8+ Kh7 30. Qxg7#) (25... h5 $17 26. e4 Bxb3) 26. e4 $11 Bxb3 {aiming for ...a5.} 27. Qxa6 Qd7 28. Be3 $1 ({Of course not} 28. Qa8+ Kh7 $17) 28... Bxa4 29. Qa8+ (29. h3 $11) 29... Kh7 $15 {( -> ...Qd1+)} 30. Qd5 (30. h4 $17 {keeps fighting.}) 30... Ba5 ({Black should try} 30... Qxd5 $19 31. exd5 b5) 31. Kf2 (31. Nd6 $15) 31... f6 32. h4 (32. Qxd7 $17 {was necessary.} Bxd7 33. Ne7) 32... Bc6 (32... Qxd5 $19 33. exd5 Bb3) 33. Qb3 Bb5 ({Black should play} 33... b5 $17 {next ...b4 is good for Black.} 34. Qa3 Qd8) 34. h5 Ba4 35. Qa3 Qd1 {[%csl Ga5][%cal Rd1e1]} 36. Kg3 Qe1+ 37. Bf2 {Qf8 would kill now.} Qd1 38. Qe7 (38. Qf8 $11 {keeps the balance.} Qd7 39. Be3) 38... Qd7 $36 {[%mdl 2048] Black is more active.} 39. Qf8 {With the idea Be3.} Bb3 40. Be3 Be1+ 41. Kh2 {White wants to play Bxh6!} Qf7 42. Qxf7 Bxf7 43. Bxb6 Bxh5 {[%mdl 4096] Endgame KBB-KBN} 44. Nd6 Bb4 45. Nc4 Bf7 46. Ne3 Bb3 47. Ba7 Kg6 48. Nf5 Kf7 49. Be3 h5 50. Ba7 g6 51. Ne3 Ke6 52. Kh3 (52. Nf1 $17 {might work better.}) 52... Be1 53. g4 Kf7 54. Bc5 Be6 55. Bb6 Kg7 56. Bc5 Kh6 57. Ng2 hxg4+ 58. fxg4 Bd2 59. Kg3 Kg5 (59... Kg7 $142 60. Ne3 Bd7) 60. Be3+ $2 {[%mdl 8192]} (60. Ne3 $17) 60... Bxe3 $19 61. Nxe3 {KB-KN} Bc8 62. Kf3 Kh4 63. Ng2+ {[#]} Kh3 $1 64. Ne3 Be6 65. Nd5 Bxg4+ 66. Ke3 f5 $2 (66... g5 67. Nxf6 Bc8) 67. Ne7 $2 (67. exf5 $19 gxf5 68. Nb4) 67... Kg3 {Black mates.} 68. Nxg6 f4+ 69. Kd2 f3 {Weighted Error Value: White=0.34/Black=0.21} 0-1

[Event "UZB-ch Women 2021"]
[Site "Tashkent"]
[Date "2021.04.27"]
[Round "11.2"]
[White "Shokirjonova, Barchinoy"]
[Black "Saparova, Sitora"]
[Result "1/2-1/2"]
[WhiteElo "1594"]
[BlackElo "2017"]
[Annotator "TA"]
[PlyCount "80"]
[EventDate "2021.04.17"]
[EventType "tourn"]
[EventCountry "UZB"]
[SourceTitle "playchess.com"]
[Source "ChessBase"]
[SourceQuality "1"]

{[%evp 13,80,-7,0,0,0,0,0,0,0,0,0,0,0,-17,-12,-29,-4,-39,-14,-35,0,0,-11,-15,13,-8,0,0,0,0,0,0,0,0,7,7,7,7,7,7,7,8,8,8,8,8,9,0,0,0,4,-8,-8,-8,-6,-7,-11,-9,0,0,0,0,0,0,0,-4,0,0,0]} 1. d4 Nf6 2. c4 e6 3. Nc3 Bb4 4. Qc2 c5 5. Nf3 d5 6. cxd5 exd5 7. e3 {7.dxc5 is setting a new trend.} O-O 8. dxc5 {E38: Nimzo-Indian: Classical: 4...c5.} Nc6 {[%cal Bb8c6,Bc6a5,Ba5c4][%mdl 32]} 9. Be2 Bxc5 10. a3 Bg4 11. O-O Rc8 12. Rd1 {[#]} Bd6 $146 ({Predecessor:} 12... Re8 13. Nxd5 Nxd5 14. Qxc5 Ncb4 15. Qxa7 Nc2 16. Rb1 Re7 17. Qa4 Bd7 18. Qb3 Nf4 {1-0 (33) Machlik,M (2015)-Bauer,D (1728) Caleta 2015}) 13. Qd2 ({Wrong is} 13. Nxd5 $2 Nxd5 14. Qd2 (14. Rxd5 $2 Nd4 $19 {[%mdl 64] Discovered Attack}) 14... Nce7 $19) 13... Na5 {Strongly threatening ...Nb3.} 14. Nd4 Bb8 15. g3 Nc4 16. Qe1 Qd7 17. b3 {The position is equal.} Ne5 {And now ...Rxc3! would win.} 18. Bb2 Ne4 19. Bxg4 Qxg4 20. f4 {Nxe4 is the strong threat.} ({But not} 20. Nxd5 $2 {[#]} Rc2 $3 $19 {[%mdl 512]}) 20... Nf3+ 21. Nxf3 Qxf3 22. Nxe4 Qxe4 23. Rac1 Rc2 24. Rxc2 Qxc2 {[%mdl 64] [#] Double Attack} 25. Qd2 Qxb3 26. Qd4 {[%csl Gb2][%cal Rd4g7]} f6 27. Qxd5+ Qxd5 28. Rxd5 $11 {[%mdl 4096] Endgame KRB-KRB} Bc7 29. Bd4 a6 30. Rd7 Rf7 31. Rd5 Kf8 32. e4 (32. Kf2 {looks sharper.} Ke7 33. e4 Bd6 34. a4 Rf8 35. Bc5) 32... Ke8 33. Kf2 Rd7 34. Rxd7 Kxd7 {KB-KB} 35. a4 b5 36. axb5 axb5 37. Ke3 Bd6 38. Kd3 Ba3 39. g4 Bc1 40. f5 Bf4 {A rather calm draw.  Weighted Error Value: White=0.03/Black=0.06} 1/2-1/2

[Event "UZB-ch Women 2021"]
[Site "Tashkent"]
[Date "2021.04.27"]
[Round "11.3"]
[White "Salimova, Asal"]
[Black "Malikova, Marjona"]
[Result "1-0"]
[WhiteElo "1815"]
[BlackElo "1651"]
[Annotator "NA"]
[PlyCount "81"]
[EventDate "2021.04.17"]
[EventType "tourn"]
[EventCountry "UZB"]
[SourceTitle "playchess.com"]
[Source "ChessBase"]
[SourceQuality "1"]
[TimeControl "5400+30"]

1. d4 {[%emt 0:00:00]} Nf6 {[%emt 0:00:00]} 2. Nf3 {[%emt 0:00:02]} d5 {[%emt 0:00:00]} 3. Bf4 {[%emt 0:00:09]} e6 {[%emt 0:00:22]} 4. e3 {[%emt 0:00:43]} Bd6 {[%emt 0:00:17]} 5. Bg3 {[%emt 0:00:06]} Ne4 {[%emt 0:00:19]} 6. Bd3 {[%emt 0:00:29]} f5 {[%emt 0:01:56]} 7. Ne5 {[%emt 0:03:54]} Nxg3 {[%emt 0:02:43]} 8. hxg3 {[%emt 0:00:05]} Bxe5 {[%emt 0:00:09]} 9. dxe5 {[%emt 0:00:15]} Qg5 {[%emt 0:00:36]} 10. Nd2 {[%emt 0:02:38]} c5 {[%emt 0:04:21]} 11. Rh5 {[%emt 0:07:24]} Qe7 {[%emt 0:06:15]} 12. g4 {[%emt 0:03:51]} g6 {[%emt 0:02:46]} 13. Rh2 {[%emt 0:00:14]} Nc6 {[%emt 0:03:04]} 14. f4 {[%emt 0:01:16]} Bd7 {[%emt 0:02:30]} 15. g5 {[%emt 0:10:00]} c4 {[%emt 0:02:07]} 16. Be2 {[%emt 0:03:06]} Qc5 {[%emt 0:01:36]} 17. Rh3 {[%emt 0:01:32]} b5 {[%emt 0:03:17]} 18. c3 {[%emt 0:03:25]} b4 {[%emt 0:02:07]} 19. g4 {[%emt 0:00:35]} bxc3 {[%emt 0:03:26]} 20. bxc3 {[%emt 0:00:02]} Rb8 {[%emt 0:02:52]} 21. Rb1 {[%emt 0:00:40]} O-O {[%emt 0:02:46]} 22. gxf5 {[%emt 0:08:23]} exf5 {[%emt 0:03:23]} 23. Kf2 {[%emt 0:00:26]} Be6 {[%emt 0:03:33]} 24. Rh6 {[%emt 0:18:38]} Rxb1 {[%emt 0:08:21]} 25. Qxb1 {[%emt 0:00:07]} Nxe5 {[%emt 0:03:53]} 26. fxe5 {[%emt 0:14:25]} f4 {[%emt 0:00:06]} 27. Rxg6+ {[%emt 0:00:42]} hxg6 {[%emt 0:04:44]} 28. Qxg6+ {[%emt 0:00:04]} Kh8 {[%emt 0:00:04]} 29. Qh6+ {[%emt 0:00:04]} Kg8 {[%emt 0:00:08]} 30. Qxe6+ {[%emt 0:00:04]} Kh8 {[%emt 0:01:10]} 31. Qh6+ {[%emt 0:02:15]} Kg8 {[%emt 0:00:05]} 32. g6 {[%emt 0:01:02]} fxe3+ {[%emt 0:00:55]} 33. Kg3 {[%emt 0:00:20]} Qe7 {[%emt 0:00:47]} 34. Nxc4 {[%emt 0:00:49]} Rf2 {[%emt 0:02:50]} 35. Bf3 {[%emt 0:05:16]} Qg7 {[%emt 0:03:51]} 36. Bxd5+ {[%emt 0:00:08]} Kf8 {[%emt 0:00:08]} 37. Qxg7+ {[%emt 0:00:07]} Kxg7 {[%emt 0:00:05]} 38. Nxe3 {[%emt 0:00:04]} Rf8 {[%emt 0:01:22]} 39. Bf7 {[%emt 0:00:07]} Rc8 {[%emt 0:00:23]} 40. Nf5+ {[%emt 0:00:11]} Kf8 {[%emt 0:00:11]} 41. g7+ {[%emt 0:00:12]} 1-0